| 000 | 00626 a2200181 4500 | ||
|---|---|---|---|
| 999 |
_c7027 _d7027 |
||
| 020 | _a9780803973244 | ||
| 050 | _aGN 502 HOF 2000 | ||
| 100 | _a Hofstede, Geert, | ||
| 245 |
_aCulture's Consequences : _bComparing values, behaviors, institutions, and organizations across nations/ |
||
| 250 | _a2nd ed. | ||
| 264 |
_aThousand Oaks, Calif. : _bSage Publications, _c2000. |
||
| 300 |
_axx, 596 pages : _b ill. |
||
| 500 | _aincludes bibliographical references and index | ||
| 650 | _a Ethnopsychology. Values | ||
| 650 | _aNational characteristics. | ||
| 650 | _aCross-cultural studies. | ||
| 942 |
_2lcc _cBK _h502 _iHOF _kGN |
||